000 00383nam a2200145Ia 4500
008 230917s9999||||xx |||||||||||||| ||und||
040 _e126259
_aMAIN
041 _aEnglish
082 _a327.54 G919I
100 _aGrover, Verinder
245 0 _aInternational relations and foreign policy of India
260 _aNew Delhi
_bDeep & Deep
_c1992
300 _ax, 548p. p.
942 _cBK
999 _c70014
_d70014